Marion Gräfin Dönhoff und ihre Kontakte zu Polen (1949-1990)

Titel: Marion Gräfin Dönhoff und ihre Kontakte zu Polen (1949-1990) : Entwicklung des deutsch-polnischen Dialogs aus Sicht der ZEIT-Journalistin
Verfasser:
In: Deutsch-polnische Beziehungen in Kultur und Literatur ; 4. 13. - 15. April 2012, (2012), Seite 155-170
alle Artikel anzeigen
Veröffentlicht: 2012
Format: Aufsatz
Sprache: Deutsch
Kein Bild verfügbar
X
alg: 39275401
001A    $01999:11-11-16 
001B    $01999:21-05-21 $t16:55:15.000 
001D    $01999:11-11-16 
001U    $0utf8 
001X    $00 
002@    $0Aox 
003@    $0392754010 
007A    $0392754010 $aHEB 
007T    $0Herdc0098884m 
010@    $ager 
011@    $a2012 
021A    $aMarion Gräfin Dönhoff und ihre Kontakte zu Polen (1949-1990) $dEntwicklung des deutsch-polnischen Dialogs aus Sicht der ZEIT-Journalistin 
028A    $aKuczyński $dErnest 
031A    $h155-170 $j2012 
039B    $aIn $8--Afu--. Deutsch-polnische Beziehungen in Kultur und Literatur ; 4. 13. - 15. April 2012. - Warszawa : Inst. Germanistyki Uniw. Warszawskiego, 2012. - 344 S.. - Ill.. - ISBN 83-89919-81-8 $x201200000000000845 $9334894433 
045F    $a306.09438 $eDDC23BSB 
045F/01 $a306.09 
045F/03 $g438 
045F/03 $g4382 
045F/03 $g43832 

lok: 39275401 78

exp: 39275401 78 1 #EPN
201B/01 $021-12-17 $t23:22:25.000 
201U/01 $0utf8 
203@/01 $0788853384 
208@/01 $a11-11-16 $be 
209A/01 $a/ $f000 $x00 
220C/01 $aTitelaufnehmer: pg 
220C/01 $aHerkunft: HI Marburg 
244Z/01 $2Trx $#Prusy Wschodnie i Zachodnie $8--Trx--Ost- und Westpreußen $x01 $939113373X 
244Z/01 $2Trx $#Poola $#Lenkija $#Polija $#Polen Land $#Poland $#Lengyelország $#Poľsko $#Polsko $8--Trx--Polska$gkraj $x02 $9391345966 
244Z/01 $aGeschichte 1949-1990 $x03 
244Z/01 $#Dönhoff, Marion $#Dönhoff, Marion Hedda Ilse $#Dönhoff, Marion Hedda Ilse Gräfin $#Dönhoff, Marion hrabina $#Dönhoff, Marion von $#Gräfin Dönhoff, Marion $#Ma li ang Ge lai fen Deng huo fu $#Maliang-Gelaifen-Denghuofu $#Denghuofu, Maliang Gelaifen $#Dënhoff, Marion Grafinja $#Dönhoff, Marion Countess $#Dönhoff, Marion $7118680056 $8--Tp1--Dönhoff, Marion$lGräfin$Z1909-2002 $x04 $9087020912 
244Z/01 $2Trx $#ajakirjanikud $#žurnalistai $#journalists $#újságírók $#dziennikarze $#novinári $#novináři $8--Trx--Journalisten $x05 $9391372262 
244Z/01 $2Trx $#suhted, Poola-Saksa $#santykiai, lenkų ir vokiečių $#relations, German-Polish $#kapcsolatok, lengyel-német $#stosunki niemiecko-polskie $#vzťahy nemecko-poľské $#vztahy německo-polské $8--Trx--Beziehungen, deutsch-polnische $x06 $9391368397 
244Z/01 $2Trx $8--Trx--Einzelbeiträge $x07 $9391384570 
245Z/01 $a11.01 $x01 
247C/01 $82080>Marburg/Lahn, Herder-Institut, Forschungsbibliothek, Bibliographieportal $9336309341
LEADER 00000caa a22000002c 4500
001 392754010
003 DE-603
005 20210521165515.0
007 tu
008 161111s2012 xx |||| | u00||u|ger c
035 |a (DE-599)HEB392754010 
040 |a DE-603  |b ger  |c DE-603  |d DE-603 
041 |a ger 
082 0 4 |8 1\u  |a 306.09438  |q DE-101  |2 23/BSB 
085 |8 1\u  |b 306.09 
085 |8 1\u  |z 2  |s 438 
085 |8 1\u  |z 2  |s 4382 
085 |8 1\u  |z 2  |s 43832 
100 1 |a Kuczyński, Ernest 
245 0 0 |a Marion Gräfin Dönhoff und ihre Kontakte zu Polen (1949-1990)  |b Entwicklung des deutsch-polnischen Dialogs aus Sicht der ZEIT-Journalistin 
264 0 |c 2012 
773 0 8 |i In  |t Deutsch-polnische Beziehungen in Kultur und Literatur ; 4. 13. - 15. April 2012  |d Warszawa : Inst. Germanistyki Uniw. Warszawskiego, 2012  |h 344 S., Ill.  |z 8389919818  |g (2012), Seite 155-170  |w (DE-603)334894433 
924 0 |9 2080  |a (DE-603)788853384  |b DE-2080  |c HES  |d d  |g /